000 00614nam a22001937a 4500
005 20250718114822.0
010 _aENG-146021
020 _a9789392568695
_c975.00
035 _aEN-129553
037 _bDBAD
082 _a954
_21
245 _aSelf Reliant India/
_cEdited By Vipin Chand Rai
250 _a1
260 _aChhattisgrah
_bAditi Publication
_c2024
270 _aAditi Publication Opp.New Panchajanya Vidya Mandir, Near Tiranga Chowk, Kushalpur,Raipur, Chhattisgrah,INDIA
_bRaipur
_k+91 9425210308
300 _a393p.
_c21cm(pb)
760 _b1
942 _2ddc
_cEN
_h954
_mSEL
_e1
999 _c212423
_d212423